Team of the Tournament - Championnat d'Europe de football 1976 - Statistiques

Statistiques générales
  • Ce quiz a été pris 3 fois
  • Le résultat moyen est 2 sur 11
Statistiques - réponses
Position Nationalité Joueur % Correct
Attaquant Allemagne de l'Ouest Dieter Müller
67%
Défenseur Tchécoslovaquie Anton Ondruš
33%
Défenseur Allemagne de l'Ouest Franz Beckenbauer
33%
Gardien de but Tchécoslovaquie Ivo Viktor
33%
Attaquant Tchécoslovaquie Zdeněk Nehoda
33%
Milieu de terrain Tchécoslovaquie Antonín Panenka
0%
Milieu de terrain Yougoslavie Dragan Džajić
0%
Défenseur Tchécoslovaquie Ján Pivarník
0%
Milieu de terrain Tchécoslovaquie Jaroslav Pollák
0%
Milieu de terrain Allemagne de l'Ouest Rainer Bonhof
0%
Défenseur Pays-Bas Ruud Krol
0%
Aucun quiz correspondant
Distribution des résultats
% des personnes avec chaque résultat
Percentile par nombre de réponses
Votre historique - résultats
Vous n’avez pas pris ce quiz